000 00412nam a2200157 i 4500
001 bg
100 1 _aKOLBIŃSKI, Kazimierz
245 0 _aMateriałoznawstwo elektrotechniczne /
_cKazimierz Kolbiński, Jerzy Słowikowski.
250 _aWyd.2 zmien.
260 _aWarszawa,
_c1978.
700 1 _aSŁOWIKOWSKI, Jerzy
040 _cBPK
041 _apol
942 _cKS
008 s pl f |000 0 pol
999 _c683
_d683
856 _uhttp://koha.tu.koszalin.pl/cgi-bin/koha/opac-detail.pl?biblionumber=683
_yKatalog online BPK